000 01467cam a2200337 i 4500
999 _c3807
_d3807
003 OSt
005 20200310133247.0
008 151107s2016 ii abe b 001 0 eng d
020 _a9789383243112
040 _aBTCTA
_beng
_cBTCTA
_erda
_dYDXCP
_dBDX
_dOCLCQ
_dCAM
_dDKAGE
_dDLC
042 _alccopycat
_alcode
043 _aa-ii---
082 _a725.18
_bBEA
245 0 0 _aBundi Fort :
_ba Rajput world /
_cedited by Milo Cleveland Beach.
300 _a148 pages :
_bcolor illustrations, map, plans ;
_c31 cm
500 _a"Vol. 67, no. 3, March 2016"--Title page verso; simultaneously issued in serial format as an issue of Mārg.
504 _aIncludes bibliographical references (pages 144-145) and index.
650 0 _aArchitecture
_zIndia
_zBundi.
650 0 _aMural painting and decoration, Indic
_zIndia
_zBundi.
650 0 _aPainting, Indic
_zIndia
_zBundi.
651 0 _aBundi (India)
_xBuildings, structures, etc.
651 0 _aBundi (India)
_xSocial life and customs.
700 1 _aBeach, Milo Cleveland,
_eeditor.
730 0 _aMārg̲.
830 0 _aMarg publications (Mumbai, India) ;
_vv. 67, no. 3.
856 4 2 _3Contributor biographical information
_uhttps://www.loc.gov/catdir/enhancements/fy1614/2015306024-b.html
856 4 1 _3Table of contents only
_uhttps://www.loc.gov/catdir/enhancements/fy1614/2015306024-t.html
906 _a7
_bcbc
_ccopycat
_d3
_encip
_f20
_gy-gencatlg
942 _2ddc